La Gulf+Western en República Dominicana /

Gardado en:
Detalles Bibliográficos
Autor Principal: Castillo, José del
Outros autores: Cocco, Miguel Cordero, Walter Puig, Max Fernández, Otto Lozano, Wilfredo
Formato: Texto
Publicado: Santo Domingo: Universidad Autónoma de Santo Domingo
Etiquetas: Engadir etiqueta
Sen Etiquetas, Sexa o primeiro en etiquetar este rexistro!

MARC

LEADER 00000 a a2200000 04500
001 25164
003
040
090 |a 178400  
100 |a Castillo, José del  
245 |a La Gulf+Western en República Dominicana /  |c José del Castillo 
260 |a Santo Domingo:   |b Universidad Autónoma de Santo Domingo  
300 |a 316 p.   |b **no definido**   |b il.  
700 |a Cocco, Miguel   |a Cordero, Walter   |a Puig, Max   |a Fernández, Otto   |a Lozano, Wilfredo  
999 |c 10349  |d 10349